| 000 | 00379nam a2200145Ia 4500 | ||
|---|---|---|---|
| 008 | 230917s9999||||xx |||||||||||||| ||und|| | ||
| 040 |
_e12738 _aMAIN |
||
| 041 | _aEnglish | ||
| 082 | _a330.9 J717I | ||
| 100 | _aJones, Hywel G | ||
| 245 | 0 | _aIntroduction to modern theories of economic growth | |
| 260 |
_aNew York _bMcGraw-Hill _c1976 |
||
| 300 | _axiv, 250 p. | ||
| 942 | _cBK | ||
| 999 |
_c198614 _d198614 |
||